00625 2200229 4500001002100000005001700021008004100038035002400079090002200103100001600125245007300141250001100214260002500225300003100250500003100281500001100312650002200323850001200345980001700357985000600374999001500380YOGYA-0209000002723420090227024126.0 ind  0010-020900000027234 a333.309598bBre P aBREMAN, Jan aPenguasaan tanah dan tenaga kerjabJawa di Masa kolonialcJan Breman aCet. 1 aJakartabLP3Es6c1986 axvii, 230 hlmbilusc22 cm aBibliografi : hlm. 214-226 aIndeks aTanah, penguasaan aYOPDYOG a3 Maret 2007 a1 a06A0022314